000 00199nam a2200109Ia 4500
100 _a#N/A
650 _aComputer/ IT
942 _cBK
245 _aExplore India
260 _b#N/A
546 _aENGLISH
999 _c25893
_d25893